Statistics for Grenada First Level Subdivisions

Click here to take the quiz!

General Stats

  • This quiz has been taken 66 times
  • The average score is 5 of 7

Answer Stats

Parishes% Correct
Saint George
91%
Saint Andrew
85%
Saint John
85%
Saint David
71%
Saint Patrick
71%
Saint Mark
56%
Carriacou and Petite Martinique
26%

Score Distribution

Percentile by Number Answered

Percent of People with Each Score

Your Score History

You have not taken this quiz